000
00303 a2200121 4500
001
151695
040
_c
Escola São Tomás de Aquino
100
_a
BANDEIRA, Pedro
240
1
0
_a
Cidinha e a pulga da Cidinha
_l
por
245
1
0
_a
Cidinha e a pulga da Cidinha
697
_a
*LITERATURA INFANTO
942
_c
BK
999
_c
151695
_d
151695